Find the Hidden Countries - Statistics

General Stats
  • This quiz has been taken 147 times
  • The average score is 8 of 11
Answers on the Map
Answers color-coded by a green-red scale on the quiz's map according to % correct below.
 
Answer Stats
Answer % Correct
China
91%
Brazil
87%
Australia
86%
Germany
81%
Philippines
81%
New Zealand
75%
Malaysia
66%
Ecuador
63%
Togo
61%
Nicaragua
58%
South Sudan
53%
No matching quizzes found
Score Distribution
Percent of People with Each Score
Percentile by Number Answered
Your Score History
You have not taken this quiz